000 00745 a2200241 4500
003 OSt
005 20250326154442.0
008 230131s2018 mx a||||r|||| 00| 0 spa d
020 _a9786071732323
040 _cCHAP
082 0 0 _222
_a635.04
_bP92
245 0 0 _aPreparación de hortalizas /
264 1 _aCiudad de México :
_bTrillas,
_c2018.
300 _a112 páginas:
_bilustraciones.
504 _aIncluye bibliografía.
650 4 _9157371
_aCultivo de hortalizas
_x
650 0 _9170359
_aHortalizas
_x Manuales
650 4 _9132641
_aHortalizas
_xEnfermedades
650 4 _9153403
_aHortalizas
_xPreservacion
650 4 _9125272
_aPreparación del sitio
830 0 _aNegocios agropecuarios (Trilla)
_9146548
942 _cLibro
_2ddc
999 _c218195
_d218195